Caravaggio : the final years
Saved in:
| Other Authors: | , |
|---|---|
| Format: | Book |
| Language: | English |
| Published: |
[Napoli] :
Electa Napoli,
c2005.
|
| Subjects: | |
| Tags: |
Add Tag
No Tags, Be the first to tag this record!
|
MARC
| LEADER | 00000cam a2200000 i 4500 | ||
|---|---|---|---|
| 001 | 1/71403 | ||
| 008 | 080121s2005 it | ||| |||| ||eng|| | ||
| 020 | |a 8851002649 |q (χαρτόδετο) | ||
| 035 | |l 10093893 | ||
| 040 | |a GR-MyUa |b gre |e AACR2 | ||
| 041 | 0 | |a eng | |
| 082 | 7 | |a 700.92 |2 (22) | |
| 245 | 0 | 0 | |a Caravaggio : |b the final years / |c [editing Silvia Cassani, Maria Sapio]. |
| 260 | |a [Napoli] : |b Electa Napoli, |c c2005. | ||
| 300 | |a 191 σ. : |b εικ. (μερ. έγχρ.) ; |c 28 εκ. | ||
| 500 | |a Ο τόμος τυπώθηκε με την ευκαιρία της έκθεσης που πραγματοποιήθηκε στη National Gallery του Λονδίνου, από τις 23/02 - 22/05 2005. | ||
| 504 | |a Περιλαμβάνει βιβλιογραφικές παραπομπές. | ||
| 600 | 1 | 0 | |a Caravaggio, Michelangelo Merisi da, |d 1573-1610 |x Exhibitions. |
| 600 | 1 | 0 | |a Caravaggio, Michelangelo Merisi da, |d 1573-1610 |x Last years. |
| 700 | 1 | |a Cassani, Silvia, |e edtf | |
| 700 | 1 | |a Sapio, Maria, |e edtf | |
| 852 | |a INST |b SYROS |e 20080121 |h 700.92 CAR |p 005500006789 |q 005500006789 |t BK |y 0 | ||
| 901 | |a BIBL5-2008-1 | ||
| 922 | |a 5ΕΛΗ |b 200711 |c ΕΠΕΑΕΚ2/ΤΜΣΠΣ |d Παπασωτηρίου | ||
| 970 | |a Κοντού |b Παρασκευή |z 21/01/2008 | ||